| 000 | 01518cam a22003974a 4500 | ||
|---|---|---|---|
| 001 | 13036539 | ||
| 003 | Nust- CAS-E | ||
| 005 | 20180118181403.0 | ||
| 008 | 021220s2003 mauab b 001 0 eng | ||
| 010 | _a 2002045222 | ||
| 020 | _a0262194929 | ||
| 040 |
_aDLC _cDLC _dDLC |
||
| 042 | _apcc | ||
| 043 |
_an-us--- _aa-cc--- |
||
| 050 | 0 | 0 |
_aHD9502.A2 _bS543 2003 |
| 082 | 0 | 0 |
_a333.79 _221 _bSMI 2003 |
| 100 | 1 | _aSmil, Vaclav. | |
| 245 | 1 | 0 |
_aEnergy at the crossroads : _bglobal perspectives and uncertainties / _cVaclav Smil. |
| 260 |
_aCambridge, Mass. : _bMIT Press, _cc2003. |
||
| 300 |
_axiv, 427 p. : _bill., maps ; _c24 cm. |
||
| 502 | _aAGAINST FORCASTING | ||
| 504 | _aIncludes bibliographical references (p. [383]-418) and index. | ||
| 650 | 0 | _aEnergy policy. | |
| 650 | 0 |
_aEnergy policy _zUnited States. |
|
| 650 | 0 |
_aEnergy policy _zChina. |
|
| 650 | 0 |
_aEnergy policy _xEnvironmental aspects. |
|
| 650 | 0 |
_aEnergy development _xTechnological innovations. |
|
| 650 | 0 |
_aGlobalization _xEnvironmental aspects. |
|
| 650 | 0 |
_aPower resources _xPolitical aspects _xHistory. |
|
| 650 | 0 |
_aPetroleum industry and trade _xPolitical aspects _xHistory. |
|
| 650 | 0 | _aHistory, Modern. | |
| 856 | 4 | 1 |
_3Table of contents _uhttp://www.loc.gov/catdir/toc/fy042/2002045222.html |
| 906 |
_a7 _bcbc _corignew _d1 _eocip _f20 _gy-gencatlg |
||
| 942 |
_2ddc _cBK |
||
| 999 |
_c355499 _d355499 |
||